|
|
|
|
| LEADER |
00000nam a2200000Ia 4500 |
| 008 |
180529b2001 cr ||||| |||| 00| | spa d |
| 999 |
|
|
|c 1068
|d 1068
|
| 020 |
|
|
|a 9977-67-623-2
|
| 090 |
|
|
|a 06.04.05
|b 1790
|
| 100 |
1 |
|
|a Ruiz Zúñiga, Ángel
|9 1555
|
| 245 |
1 |
3 |
|a El destino de Costa Rica y la educación superior: el escenario histórico del país, la educación y el papel de la universidad /
|c Angel Ruiz
|
| 250 |
|
|
|a 1 edición
|
| 260 |
|
|
|a Costa Rica :
|b Editorial de la Universidad de Costa Rica: CONARE,
|c 2001
|
| 300 |
|
|
|a 300 páginas
|
| 650 |
1 |
4 |
|a UNIVERSIDADES
|9 16
|
| 650 |
1 |
4 |
|a POLÍTICA ECONÓMICA
|9 2059
|
| 650 |
1 |
4 |
|a HISTORIA
|9 22
|
| 650 |
1 |
4 |
|a CONDICIONES SOCIALES
|9 1681
|
| 650 |
1 |
4 |
|a EDUCACIÓN SUPERIOR
|9 8
|
| 942 |
|
|
|i 002846
|h 06.04.05 1790
|2 z
|c 01
|